[Event "Oberfranken-ch Q 0607"]
[Site "Schney"]
[Date "2007.01.04"]
[Round "6"]
[White "Rahn, Manfred"]
[Black "Sager, Michael"]
[Result "1-0"]
[WhiteElo "1878"]
[BlackElo "1638"]
[PlyCount "85"]
[EventDate "2007.01.02"]
[EventType "swiss"]
[EventRounds "6"]
[EventCountry "GER"]
[SourceTitle "EXT 2015"]
[Source "ChessBase"]
[SourceDate "2014.11.20"]
[SourceVersion "1"]
[SourceVersionDate "2014.11.20"]
[SourceQuality "1"]

1. e4 g6 2. d4 Bg7 3. c3 d6 4. Nf3 Nf6 5. Bd3 0-0 6. 0-0 c5 7. Re1 cxd4 8. cxd4 Nc6 9. h3 Bd7 10. Nc3 Qb6 11. Bf1 Qd8 12. d5 Nb8 13. Qb3 Na6 14. Be3 Nc5 15. Bxc5 dxc5 16. e5 Ne8 17. Rad1 Qc7 18. Bc4 h6 19. e6 fxe6 20. dxe6 Bc6 21. Rd7 Qf4 22. Nd5 Bxd5 23. Bxd5 Nd6 24. Rxe7 Bd4 25. Qc2 Qf5 26. Qxf5 Nxf5 27. Rxb7 Kh8 28. Ne5 Bxe5 29. Rxe5 Rab8 30. Rxb8 Rxb8 31. e7 Re8 32. g4 Rxe7 33. Rxe7 Nxe7 34. Bb3 Kg7 35. Kg2 g5 36. Kf3 Kf6 37. Ke4 a6 38. f4 gxf4 39. Kxf4 Ng6+ 40. Ke4 Ne7 41. h4 Ng6 42. g5+ hxg5 43. hxg5+ 1-0

[Event "Oberfranken-ch Q 0607"]
[Site "Schney"]
[Date "2007.01.03"]
[Round "4"]
[White "Sager, Michael"]
[Black "Volkert, Jan"]
[Result "1/2-1/2"]
[WhiteElo "1638"]
[BlackElo "1785"]
[PlyCount "50"]
[EventDate "2007.01.02"]
[EventType "swiss"]
[EventRounds "6"]
[EventCountry "GER"]
[SourceTitle "EXT 2015"]
[Source "ChessBase"]
[SourceDate "2014.11.20"]
[SourceVersion "1"]
[SourceVersionDate "2014.11.20"]
[SourceQuality "1"]

1. e4 e5 2. Nf3 Nc6 3. Bb5 a6 4. Ba4 d6 5. h3 Nf6 6. Qe2 Be7 7. c3 0-0 8. d4 exd4 9. cxd4 Bd7 10. Nc3 Qe8 11. Bc2 Rd8 12. 0-0 Bc8 13. Bf4 Nd7 14. Nd5 Nb6 15. Nxc7 Qd7 16. Nd5 Nxd5 17. exd5 Na7 18. a4 Bf6 19. Qd3 g6 20. Bg5 Bxg5 21. Nxg5 Qe7 22. Qg3 Qf6 23. Qh4 Qg7 24. Ra3 h6 25. Ne4 g5 1/2-1/2

[Event "Oberfranken-ch Q 0506"]
[Site "Schney"]
[Date "2006.01.02"]
[Round "2"]
[White "Schwarzmann, Tobias"]
[Black "Sager, Michael"]
[Result "0-1"]
[WhiteElo "1907"]
[BlackElo "1588"]
[PlyCount "92"]
[EventDate "2006.01.02"]
[EventType "swiss"]
[EventRounds "6"]
[EventCountry "GER"]
[SourceTitle "EXT 2015"]
[Source "ChessBase"]
[SourceDate "2014.11.20"]
[SourceVersion "1"]
[SourceVersionDate "2014.11.20"]
[SourceQuality "1"]

1. e4 c5 2. Nf3 d6 3. d4 cxd4 4. Nxd4 Nf6 5. Nc3 e5 6. Bb5+ Bd7 7. Bxd7+ Qxd7 8. Nf3 h6 9. 0-0 Nc6 10. a3 Be7 11. Re1 0-0 12. Nd5 Nh7 13. Nxe7+ Qxe7 14. Qd5 Kh8 15. Nd2 Nd4 16. Rb1 Nxc2 17. Rd1 Nd4 18. Nc4 Rad8 19. Qa5 b6 20. Qe1 f5 21. exf5 Nxf5 22. Bd2 Qe6 23. b3 Nf6 24. a4 Nd4 25. Bb4 Nd5 26. Rxd4 Nxb4 27. Rdd1 Nc6 28. Rbc1 d5 29. Ne3 e4 30. Nf1 Ne5 31. Ng3 Rc8 32. Qd2 Nd3 33. Rxc8 Rxc8 34. f3 Qc6 35. Qe3 Qc2 36. Rd2 Qb1+ 37. Nf1 Rc1 38. Qe2 Nf4 39. Qb5 e3 40. Rf2 exf2+ 41. Kxf2 Qc2+ 42. Kg3 Ne2+ 43. Kh4 Rxf1 44. Qxd5 Rd1 45. Qe5 Rd4+ 46. g4 Qd3 0-1